La mujer chilena

Guardat en:
Dades bibliogràfiques
Autor principal: Klimpel, Felicitas (Autor)
Format: Llibre
Idioma:espanyol
Publicat: Santiago Andrés Bello 1962
Matèries:
Etiquetes: Afegir etiqueta
Sense etiquetes, Sigues el primer a etiquetar aquest registre!

MARC

LEADER 00000nam a2200000 a 4500
001 UCY7527
003 CL-VaPUC
008 950614e19620000CL |||||||||||||||||spa|d
082 0 4 |a 305.4  |b KLI  |2 21 
100 0 |a Klimpel, Felicitas  |e author  |9 338046 
245 1 3 |a La mujer chilena 
246 1 3 |a El aporte femenino al progreso de Chile 1910-1960 
300 |a 304 p 
942 |c BK 
945 |d 19950614 00:00:00  |a rbrito 
260 |a Santiago  |b Andrés Bello  |c 1962 
650 0 |a Mujeres  |9 257649 
650 0 |a Derechos de la mujer  |9 257074 
650 0 |a Sufragio femenino  |9 337530 
650 0 |a Política  |9 255312 
650 7 |a EMPLEO DE LAS MUJERES  |2 CL-VaPUC  |9 337531 
650 7 |a EDUCACION DE LA MUJER  |2 CL-VaPUC  |9 307884 
651 7 |a CHILE  |2 CL-VaPUC  |9 338047 
583 |a last modification  |c 19950614 00:00:00  |k Rodrigo Vera 
999 |c 234879  |d 234877 
952 |0 0  |1 0  |4 0  |6 305_400000000000000_KLI_1962  |7 0  |8 A  |9 241648  |a BIBDER  |b BIBDER  |d 2019-11-18  |i 2007479  |l 1  |o 305.4 KLI 1962  |p 2007479  |r 2023-05-22  |s 2023-05-22  |w 2019-11-18  |y BK  |k DER 
952 |0 0  |1 0  |4 0  |6 305_400000000000000_KLI_1962  |7 0  |8 P  |9 241649  |a BIBEDU  |b BIBEDU  |c BIBEDU_PB  |d 2019-11-18  |i 1602683  |o 305.4 KLI 1962  |p 1602683  |r 2024-01-25  |w 2019-11-18  |y BK  |k EDU